Samya shakti : (Record no. 159)
[ view plain ]
| 000 -LEADER | |
|---|---|
| fixed length control field | 00682cas a2200229 a 4500 |
| 001 - CONTROL NUMBER | |
| control field | 11277967 |
| 005 - DATE AND TIME OF LATEST TRANSACTION | |
| control field | 20231207225216.0 |
| 008 - FIXED-LENGTH DATA ELEMENTS--GENERAL INFORMATION | |
| fixed length control field | 831201c19839999ii ar p 0 a0eng c |
| 040 ## - CATALOGING SOURCE (பட்டியலாக்க மூலம்) | |
| Original cataloging agency | CRL |
| Language of cataloging | eng |
| Transcribing agency | CRL |
| Modifying agency | NST |
| -- | HUL |
| -- | NST |
| -- | DLC |
| -- | NST |
| -- | COO |
| -- | NST |
| -- | OCLCQ |
| -- | CRL |
| -- | OCLCA |
| -- | OCLCQ |
| -- | OCLCF |
| -- | OCLCA |
| -- | OCLCO |
| -- | OCLCA |
| -- | OCLCQ |
| 082 ## - DDC Classification | |
| DDC Edition Number | 22 |
| Class No. | 305.4. |
| 245 00 - TITLE STATEMENT | |
| Title | Samya shakti : |
| Remainder of title | a journal of women's studies. |
| 260 ## - PUBLICATION, DISTRIBUTION, ETC. | |
| Place of publication, distribution, etc. | New Delhi : |
| Name of publisher, distributor, etc. | Centre for Women's Development Studies, |
| Date of publication, distribution, etc. | 1983. |
| 300 ## - PHYSICAL DESCRIPTION | |
| Extent (e.g. Volumes, Pages etc.) | volumes ; |
| 650 #0 - SUBJECT ADDED ENTRY--TOPICAL TERM | |
| Topical term or geographic name entry element | Women's studies |
| 650 #0 - SUBJECT ADDED ENTRY--TOPICAL TERM | |
| Topical term or geographic name entry element | Women's studies |
| 650 #0 - SUBJECT ADDED ENTRY--TOPICAL TERM | |
| Topical term or geographic name entry element | Feminism |
| 650 #0 - SUBJECT ADDED ENTRY--TOPICAL TERM | |
| Topical term or geographic name entry element | Women |
| 650 #7 - SUBJECT ADDED ENTRY--TOPICAL TERM | |
| Topical term or geographic name entry element | Feminism. |
| 650 #7 - SUBJECT ADDED ENTRY--TOPICAL TERM | |
| Topical term or geographic name entry element | Women. |
| 650 #7 - SUBJECT ADDED ENTRY--TOPICAL TERM | |
| Topical term or geographic name entry element | Women's studies. |
| 942 ## - Koha item type (Biblio) | |
| Koha item type | Books in Stacks (Lending) |
| Lost status | Damaged status | Collection code | Home library | Current library | Date acquired | Full call number | Accession Number | Item type |
|---|---|---|---|---|---|---|---|---|
| Lending | WERC Library | WERC Library | 12/08/2023 | 305.4. | 3157 | Books in Stacks (Lending) |
